000 00426nam a2200145 a 4500
005 20251018132656.0
008 251018s2025##################000#0#eng##
020 _a9789360287153
082 0 4 _a582.1309
_bBLA
100 _aBlatter, E
245 1 0 _aThe Flora Of The Indus Delta
_cBlatter, E.. Mccann, C. Sabnis, T.s.
260 _aDehradun
_bM/s Bishen Singh Mahendra Pal Singh
_c1978
650 _aBotany
942 _cENGLISH
999 _c592360
_d592360